000 00291nam a22001337a 4500
008 181015b xxu||||| |||| 00| 0 eng d
020 _a9780071410809
041 _aeng
080 _a311
100 _a55
101 _aSTA
245 _aBusiness Statistics
_cKazmier, L.J
942 _2udc
_cBK
999 _c49749
_d49749